Statistics for Highest Transfer Fees Paid by Real Madrid

Click here to take the quiz!

General Stats

  • This quiz has been taken 78 times
  • The average score is 7 of 10

Answer Stats

FeePlayer% Correct
100€Gareth Bale
100%
94€Cristiano Ronaldo
100%
46€Ronaldo
100%
77.5€Zinedine Zidane
92%
78€James Rodríguez
80%
62€Luís Figo
73%
37.5€David Beckham
72%
67€Kaká
69%
45€Vinícius Júnior
27%
36€Arjen Robben
25%

Score Distribution

Percentile by Number Answered

Percent of People with Each Score

Your Score History

You have not taken this quiz